01099cam a22003135a 4500001001000000003000400010005001700014008004100031020001500072020001800087040003100105082002300136100003200159245006700191250001200258260004600270300003400316504005100350650004600401650004200447650004700489650004300536651001000579653002800589700003000617942000800647999001700655952011300672009700254OSt20201128024253.0040116s2004 enka frb f001 0 eng d a0199267936 a9780199267934 aStDuBDSdUkdEG-ScBUEbeng04222a620.11297bSOL1 aSolymar, L.q(Laszlo)9664910aElectrical properties of materials /cL. Solymar and D. Walsh. a7th ed. aOxford :bOxford University Press,c2004. axiv, 402 p. :bill. ;c25 cm. aIncludes bibliographical references and index. 7aSolidsxElectric properties.2BUEsh96650 7aMaterialsxElectric properties2BUEsh 7aEnergy-band theory of solids.2BUEsh91872 0aFree electron theory of metals.2BUEsh 2BUEsh bGGENbENGELCcMarch20181 aWalsh, D.q(Donald)96653 2ddc c26257d26229 00102ddc4070aMAINbMAINc1STd2018-03-06ePurchasel0o620.11297 SOLp000047362r2025-07-15 00:00:00yBB